| 000 -LEADER |
| fixed length control field |
02388cam a2200349 i 4500 |
| 001 - CONTROL NUMBER |
| control field |
19263377 |
| 005 - DATE AND TIME OF LATEST TRANSACTION |
| control field |
20250417095647.0 |
| 008 - FIXED-LENGTH DATA ELEMENTS--GENERAL INFORMATION |
| fixed length control field |
160907s2017 enk b 001 0 eng |
| 010 ## - LIBRARY OF CONGRESS CONTROL NUMBER |
| LC control number |
2016953192 |
| 020 ## - INTERNATIONAL STANDARD BOOK NUMBER |
| International Standard Book Number |
9780198739630 (hbk.) |
| 020 ## - INTERNATIONAL STANDARD BOOK NUMBER |
| International Standard Book Number |
9780198724315 (pbk.) |
| 040 ## - CATALOGING SOURCE |
| Original cataloging agency |
DLC |
| Language of cataloging |
eng |
| Description conventions |
rda |
| Transcribing agency |
DLC |
| 042 ## - AUTHENTICATION CODE |
| Authentication code |
pcc |
| 050 00 - LIBRARY OF CONGRESS CALL NUMBER |
| Classification number |
K1315 |
| Item number |
.A53 2017 |
| 082 ## - DEWEY DECIMAL CLASSIFICATION NUMBER |
| Classification number |
346.066 |
| Author Mark |
KRA |
| 100 1# - MAIN ENTRY--PERSONAL NAME |
| Personal name |
Kraakman, Reinier H., |
| Relator term |
author. |
| 9 (RLIN) |
128770 |
| 245 14 - TITLE STATEMENT |
| Title |
The anatomy of corporate law : |
| Remainder of title |
a comparative and functional approach / |
| Statement of responsibility, etc. |
Reinier Kraakman, [and 10 others] ; with contributions from Sofie Cools and Gen Goto. |
| 250 ## - EDITION STATEMENT |
| Edition statement |
Third edition. |
| 264 #1 - PRODUCTION, PUBLICATION, DISTRIBUTION, MANUFACTURE, AND COPYRIGHT NOTICE |
| Place of production, publication, distribution, manufacture |
Oxford, United Kingdom : |
| Name of producer, publisher, distributor, manufacturer |
Oxford University Press, |
| Date of production, publication, distribution, manufacture, or copyright notice |
2017. |
| 300 ## - PHYSICAL DESCRIPTION |
| Extent |
xvii, 281 pages ; |
| Dimensions |
24 cm |
| 336 ## - CONTENT TYPE |
| Content type term |
text |
| Content type code |
txt |
| Source |
rdacontent |
| 337 ## - MEDIA TYPE |
| Media type term |
unmediated |
| Media type code |
n |
| Source |
rdamedia |
| 338 ## - CARRIER TYPE |
| Carrier type term |
volume |
| Carrier type code |
nc |
| Source |
rdacarrier |
| 504 ## - BIBLIOGRAPHY, ETC. NOTE |
| Bibliography, etc. note |
Includes bibliographical references and index. |
| 505 0# - FORMATTED CONTENTS NOTE |
| Formatted contents note |
What is corporate law? / John Armour, Henry Hansmann, Reinier Kraakman, and Mariana Pargendler -- Agency problems and legal strategies / John Armour, Henry Hansmann, and Reinier Kraakman -- The basic governance structure : the interests of shareholders as a class / John Armour, Luca Enriques, Henry Hansmann, Reinier Kraakman -- The basic governance structure : minority shareholders and non-shareholder constituencies / Luca Enriques, Henry Hansmann, Reinier Kraakman, and Mariana Pargendler -- Transactions with creditors / John Armour, Gerard Hertig, and Hideki Kanda -- Related-party transactions / Luca Enriques, Gerard Hertig, Hideki Kanda, and Mariana Pargendler -- Fundamental changes / Edward Rock, Paul Davies, Hideki Kanda, Reinier Kraakman, and Wolf-Georg Ringe -- Control transactions / Paul Davies, Klaus Hopt, and Wolf-Georg Ringe -- Corporate law and securities markets / Luca Enriques, Gerard Hertig, Reinier Kraakman, and Edward Rock -- Beyond the anatomy / John Armour, Luca Enriques, Mariana Pargendler, and Wolf-Georg Ringe. |
| 650 #0 - SUBJECT ADDED ENTRY--TOPICAL TERM |
| Topical term or geographic name entry element |
Corporation law. |
| 9 (RLIN) |
55113 |
| 775 08 - OTHER EDITION ENTRY |
| Relationship information |
Revision of: |
| Title |
Anatomy of corporate law |
| Edition |
2nd ed. |
| Place, publisher, and date of publication |
Oxford ; New York : Oxford University Press, 2009 |
| 906 ## - LOCAL DATA ELEMENT F, LDF (RLIN) |
| a |
7 |
| b |
cbc |
| c |
origcop |
| d |
2 |
| e |
epcn |
| f |
20 |
| g |
y-gencatlg |
| 942 ## - ADDED ENTRY ELEMENTS (KOHA) |
| Source of classification or shelving scheme |
|
| Koha item type |
Book |